| 000 | 01462nam0a22003011 4500 | ||
|---|---|---|---|
| 001 | rc\4265370 | ||
| 005 | 20250612033239.0 | ||
| 021 |
_aRU _b[58-62599] |
||
| 035 | _a(NLR Aleph) 008485032 | ||
| 090 |
_a8014292 _c8014292 |
||
| 100 | _a20130416d1958 |||y0rusy50 ca | ||
| 101 | 0 | _arus | |
| 102 | _aRU | ||
| 105 | _ay z ||||| | ||
| 200 | 1 |
_aВ старой Пензе _e[Воспоминания и записки _fПредисл. Р. Поповой] |
|
| 210 |
_aПенза _cКн. изд-во _d1958 |
||
| 215 |
_a102 с. _d20 |
||
| 327 | 1 | _aСодерж.: В старой Пензе; Первая встреча; Эх, Антон!; Стихи и революция; Пути пролетарского писателя. (Автобиогр. заметки) | |
| 464 | 0 |
_12001#$aВ старой Пензе$aПервая встреча$aЭх, Антон!$aСтихи и революция$aПути пролетарского писателя$e(Автобиогр. заметки) _tПути пролетарского писателя |
|
| 606 |
_aПисатели русские _jВоспоминания и записки _2psbo |
||
| 607 |
_aПенза _jВоспоминания и записки _2psbo |
||
| 700 | 1 |
_aБогданов _bА.А. _f1874-1939 _gАлександр Алексеевич |
|
| 702 | 1 |
_aПопова _bР. _4080 |
|
| 801 | 0 |
_aRU _bNLR _gpsbo |
|
| 801 | 1 |
_aRU _bELAR _2rusmarc |
|
| 852 |
_aNLR _j58-3/5234 |
||
| 942 | _cBOOK | ||
| 980 | _aNB | ||